[Event "Viljandi Valgmae Memorial"]
[Site "Viljandi"]
[Date "2022.07.02"]
[Round "1"]
[White "Leede, Gutnar"]
[Black "Maiorov, Nikita"]
[Result "0-1"]
[WhiteElo "1651"]
[BlackElo "2474"]
[PlyCount "47"]
[EventDate "2022.07.02"]
[EventType "swiss (rapid)"]
[EventRounds "9"]
[EventCountry "EST"]
[SourceTitle "CBM 209 Extra"]
[Source "ChessBase"]
[SourceDate "2022.09.30"]
[SourceVersion "1"]
[SourceVersionDate "2022.09.30"]
[SourceQuality "1"]

1. e4 c6 2. d4 d5 3. e5 Bf5 4. Nd2 e6 5. Nb3 Nd7 6. Nf3 h6 7. Be2 Ne7 8. 0-0 Nc8 9. Bd2 Be7 10. Rc1 0-0 11. c4 dxc4 12. Bxc4 Ncb6 13. Ba5 Qb8 14. Nbd2 c5 15. Bb5 cxd4 16. Bxd7 Nxd7 17. Bc7 Qe8 18. Nxd4 Bd3 19. Re1 Nb6 20. Qb3 Bg6 21. Nb5 Bg5 22. Nc4 Bxc1 23. Rxc1 Qc6 24. Bd6 0-1